French Animals #1 - Statistics

General Stats
  • This quiz has been taken 111 times
  • The average score is 18 of 24
Answer Stats
English French % Correct
the cat le chat
98%
the dog le chien
98%
the fish le poisson
90%
the horse le cheval
85%
the elephant l'éléphant
85%
the tiger le tigre
85%
the lion le lion
84%
the bird l'oiseau
84%
the cow la vache
83%
the duck le canard
83%
the chicken le poulet
78%
the pig le cochon
75%
the bear l'ours
73%
the snake le serpent
72%
the dolphin le dauphin
70%
the crocodile le crocodile
68%
the wolf le loup
66%
the monkey le singe
66%
the snail l'escargot
63%
the dragon le dragon
62%
the bee l'abeille
61%
the fly la mouche
53%
the donkey l'âne
49%
the ant la fourmi
48%
No matching quizzes found
Score Distribution
Percent of People with Each Score
Percentile by Number Answered
Your Score History
You have not taken this quiz